000 00575nam a22001937a 4500
005 20260224105722.0
008 260224b |||||||| |||| 00| 0 eng d
020 _a978-1-2605-9782-0
050 _aTK 5105 .F67 2022
100 _aFOROUZAN, BEHROUZ A.
245 _aDATA COMMUNICATIONS AND NETWORKING
250 _aSIXTH EDITION
260 _aUNITED STATES OF AMERICA
_bMcGraw Hill
_c2022
300 _aINDEXES, GLOSSARY AND REFERENCES
500 _axviii 834p
650 _aDATA COMMUNICATIONS AND NETWORKING
700 _aFOROUZAN, BEHROUZ A.
942 _2lcc
_cBK
999 _c216602
_d216602